| 000 | 00364nam a2200133Ia 4500 | ||
|---|---|---|---|
| 008 | 210210b1982 xxu||||| |||| 00| 0 eng d | ||
| 082 | _aS891.1 NANR | ||
| 100 | _aNANDARGIKAR (Gopal Raghunath). | ||
| 245 | _aRaghuvamsa of kalidasa. Ed.5 | ||
| 260 |
_aDelhi _bMotilal Banarsidass _c1982 |
||
| 650 | _araghuvamsa kalidasa | ||
| 690 | _aHindi Poetry | ||
| 906 | _a045943 | ||
| 999 |
_c95304 _d95304 |
||